01013nam a22002777a 45000010005000000030006000050050017000110080041000280200016000690400029000850500008001140820010001221000022001322450115001542600050002693000048003194900031003675050008003985200087004065210029004935210020005227000032005429420015005749990015005899520131006049480FISKH20260114094725.0260114b cb ||||| |||| 00| 0 eng d a01880892588 aFISKHbengcFISKHdFISKH aPZ7 a641.5 aNichols , Yuriko  aThe hay day : bSuccessful reading for beginners / cWritten by Yuriko Nichols : Illustrations by Ron Wheeler  aMelrose , FL :bCommon Sense Press , c1998 . a10 pages : billustrations ;c14 X 21 cm .  aLong Vowel Reader vBook 1 aE  aThese 28 readers go along with Learning Language Arts Through Literature, Grade 1.8 a200 bLexile estimate 8 aE bRaz-Plus  aWheeler , RoneIllustrator  2ddccBKn0 c9480d9480 00102ddc40708JUVFa002b002cTTP Dark Greend2026-01-14l0oNIC PZ7 641.5pFISSE03332r2026-01-14 09:47:15w2026-01-14yBK